Inglés médico / (Registro nro. 20596)

Detalles MARC
000 -LEADER
fixed length control field 01539nam a2200349 4500
003 - CONTROL NUMBER IDENTIFIER
control field CO-CtgCURN
005 - DATE AND TIME OF LATEST TRANSACTION
control field 20250331184728.0
007 - PHYSICAL DESCRIPTION FIXED FIELD--GENERAL INFORMATION
fixed length control field ta
008 - FIXED-LENGTH DATA ELEMENTS--GENERAL INFORMATION
fixed length control field 160627s2010 000 0 eng d
020 ## - INTERNATIONAL STANDARD BOOK NUMBER
International Standard Book Number 9788498352481
040 ## - CATALOGING SOURCE
Original cataloging agency CO-CtgCURN
Language of cataloging spa
Transcribing agency coctgcurn
082 0# - DEWEY DECIMAL CLASSIFICATION NUMBER
Classification number 421
Item number R485
100 1# - MAIN ENTRY--PERSONAL NAME
Personal name Ribes, Ramón.
245 10 - TITLE STATEMENT
Title Inglés médico /
Statement of responsibility, etc. Ramón Ribes, Pablo R. Ríos ; traductor, Carolina Berra.
250 ## - EDITION STATEMENT
Edition statement 2a ed.
260 ## - PUBLICATION, DISTRIBUTION, ETC.
Place of publication, distribution, etc. Madrid :
Name of publisher, distributor, etc. Médica Panamericana,
Date of publication, distribution, etc. 2010.
300 ## - PHYSICAL DESCRIPTION
Extent xv, 207 p :
Other physical details il.
336 ## - CONTENT TYPE
Source rdacontent
337 ## - MEDIA TYPE
Source rdamedia
Media type term sin mediacion
Media type code n
338 ## - CARRIER TYPE
Source rdacarrier
Carrier type term volumen
Carrier type code nc
500 ## - GENERAL NOTE
General note Incluye índice.
505 8# - FORMATTED CONTENTS NOTE
Formatted contents note Comprensión lectora, comprensión auditiva, expresión oral y expresión escrita. Autoevaluación -- Gramática práctica -- Bibliografía científica -- Conferencias y cursos -- Algunos de los errores más frecuentes cometidos por los médicos al hablar en inglés -- Terminología latina y griega -- Acrónimos y abreviaturas -- La historia clínica -- Guía de supervivencia para la conversación
650 14 - SUBJECT ADDED ENTRY--TOPICAL TERM
Topical term or geographic name entry element Lengua inglesa
Form subdivision Estudio y enseñanza
General subdivision Manuales para médicos.
650 14 - SUBJECT ADDED ENTRY--TOPICAL TERM
Topical term or geographic name entry element Inglés
Form subdivision Inglés médico.
650 14 - SUBJECT ADDED ENTRY--TOPICAL TERM
Topical term or geographic name entry element Inglés
Form subdivision Vocabularios y manuales de conversación para personal médico.
650 14 - SUBJECT ADDED ENTRY--TOPICAL TERM
Topical term or geographic name entry element Medicina
Form subdivision Terminología.
700 1# - ADDED ENTRY--PERSONAL NAME
Personal name Ros, Pablo R.
700 1# - ADDED ENTRY--PERSONAL NAME
Personal name Berra, Carolina,
Relator term Traductor.
908 ## - PUT COMMAND PARAMETER (RLIN)
Put command parameter 160627
942 ## - ADDED ENTRY ELEMENTS (KOHA)
Koha item type Libros
Classification part 421
Item part R485
Source of classification or shelving scheme Dewey Decimal Classification
Existencias
Withdrawn status Lost status Source of classification or shelving scheme Damaged status Not for loan Collection Home library Current library Shelving location Date acquired Inventory number Total checkouts Full call number Barcode Date last seen Copy number Price effective from Koha item type Public note
    Dewey Decimal Classification     General Miguel Henríquez Emiliani Miguel Henríquez Emiliani General 03/31/2025 018148   421 R485 018148 03/31/2025 ej.1 03/31/2025 Libros 420-ING.IA